Online
Catalog

Historia de la literatura vasca / (Record no. 4416)

MARC details
000 -CABECERA
campo de control de longitud fija 00641cam a2200205 a 4500
001 - NÚMERO DE CONTROL
campo de control 000004608
005 - FECHA Y HORA DE LA ÚLTIMA TRANSACCIÓN
campo de control 20200929151453.0
008 - DATOS DE LONGITUD FIJA--INFORMACIÓN GENERAL
campo de control de longitud fija 760218s1981 sp 001 0 spa
020 ## - NÚMERO INTERNACIONAL ESTÁNDAR DEL LIBRO
Número Internacional Estándar del Libro 8475682057
040 ## - FUENTE DE LA CATALOGACIÓN
Centro catalogador/agencia de origen DO-SdBNP
Centro/agencia transcriptor FMFIU
Centro/agencia modificador DLC
082 ## - NÚMERO DE LA CLASIFICACIÓN DECIMAL DEWEY
Número de clasificación 899.9209
Número de documento/Ítem M623h, 1981
100 1# - ENTRADA PRINCIPAL--NOMBRE DE PERSONA
Nombre de persona Michelena, Luis.
9 (RLIN) 13443
245 10 - MENCIÓN DE TÍTULO
Título Historia de la literatura vasca /
Mención de responsabilidad, etc. Luis Michelena.
250 ## - MENCIÓN DE EDICIÓN
Mención de edición 2a ed.
260 ## - PUBLICACIÓN, DISTRIBUCIÓN, ETC.
Lugar de publicación, distribución, etc. Zarautz :
Nombre del editor, distribuidor, etc. Erein,
Fecha de publicación, distribución, etc. [1981]?.
300 ## - DESCRIPCIÓN FÍSICA
Extensión 188, [1] p. ;
Dimensiones 19 cm.
650 #4 - PUNTO DE ACCESO ADICIONAL DE MATERIA--TÉRMINO DE MATERIA
Término de materia o nombre geográfico como elemento de entrada Literatura vasca
Subdivisión general Historia y crítica
9 (RLIN) 13444
650 #4 - PUNTO DE ACCESO ADICIONAL DE MATERIA--TÉRMINO DE MATERIA
Término de materia o nombre geográfico como elemento de entrada Literatura española
Subdivisión general Historia y crítica
9 (RLIN) 3904
910 ## - DATOS DE OPCIÓN DEL USUARIO (OCLC)
Datos de opción del usuario Catalogación por copia / LC
Holdings
Estado de retiro Estado de pérdida Restricciones de uso No para préstamo Código de colección Localización permanente Ubicación/localización actual Ubicación en estantería Fecha de adquisición Número de inventario Total de préstamos Signatura topográfica completa Código de barras Fecha visto por última vez Precio válido a partir de Tipo de ítem Koha
    Préstamo interno   Monografías: Libros y Folletos General General En catalogación 23.07.2009 LF1   899.9209 M623h, 1981 4608-10 25.06.2020 25.06.2020 Préstamo interno

Powered by Koha